La segunda colonia escolar de Madrid (1888). (Record no. 165130)

MARC details
000 -LEADER
campo de control de longitud fija 00651nam a2200169 i 4500
001 - NÚMERO DE CONTROL
campo de control 165130
003 - IDENTIFICADOR DE NÚMERO DE CONTROL
campo de control ES-MaACL
005 - FECHA Y HORA DE LA ÚLTIMA TRANSACCIÓN
campo de control 20230906213055.0
008 - DATOS DE LONGITUD FIJA--INFORMACIÓN GENERAL
campo de control de longitud fija 990701s1889 sp d |||| | spa d
245 03 - MENCIÓN DEL TÍTULO
Título La segunda colonia escolar de Madrid (1888).
260 ## - PUBLICACIÓN, DISTRIBUCIÓN, ETC.
Lugar de publicación, distribución, etc. Madrid :
Nombre del editor, distribuidor, etc. [s.n.],
Fecha de publicación, distribución, etc. 1889 (
Fabricante Fortanet)
300 ## - DESCRIPCIÓN FÍSICA
Extensión 56, [5] p., [2] h. pleg. ;
Dimensiones 23 cm.
594 ## - Nota al título y mención de responsabilidad
Nota al título y mención de responsabilidad Precede al tít.: Museo Pedagógico de Instrucción Primaria.
650 #4 - PUNTO DE ACCESO ADICIONAL DE MATERIA--TÉRMINO DE MATERIA
Término de materia o nombre geográfico como elemento de entrada Colonias escolares-
Subdivisión geográfica Madrid.
9 (RLIN) 150840
710 2# - ENTRADA AGREGADA--NOMBRE DE ENTIDAD CORPORATIVA
Nombre de entidad corporativa o nombre de jurisdicción como elemento de entrada Museo de Instrucción Primaria (España)
9 (RLIN) 172176
852 ## - LOCALIZACIÓN
Ubicación ES-MaACL
Número de control de estantería T-1139-F-8
Nota libre - Enc. hol., conservando cub. original
-- - Enc. en un vol. facticio
Holdings
Estatus retirado Estado de pérdida Estado de daño No para préstamo Colección Biblioteca de origen Biblioteca actual Ubicación en estantería Fecha de adquisición Total de préstamos Signatura topográfica completa Código de barras Visto por última vez Precio de reemplazo Tipo de ítem Koha
        Colección de folletos Biblioteca del Ateneo de Madrid Biblioteca del Ateneo de Madrid Depósito folletos 17/01/2008   T-1139-F-8 1173144 23/02/2023 23/02/2023 Folleto